Guess the 80s Song by a Lyric - Statistics

General Stats
  • This quiz has been taken 810 times
  • The average score is 11 of 20
Answer Stats
Lyrics Title Artist % Correct
"Just a small town, girl. Livin' in a lonely world" Don't Stop Believin' Journey
86%
"I travel the world and the seven seas, everybody's looking for something" Sweet Dreams (Are Made of This) Eurythmics
77%
"Tommy used to work on the docks, union's been on strike. He's down on his luck, it's tough, so tough" Livin' on a Prayer Bon Jovi
76%
"It's gonna take a lot to take me away from you. There's nothing that a hundred men or more could ever do" Africa Toto
75%
"The love shack is a little old place where we can get together" Love Shack B-52's
73%
"I come home in the morning light, my mother says, "When you gonna live your life right?" Girls Just Want To Have Fun Cyndi Lauper
66%
"She was more like a beauty queen from a movie scene. I said, 'Don't mind, but what do you mean, I am the one?' " Billie Jean Michael Jackson
65%
"Are you ready, hey, are you ready for this? Are you hanging on the edge of your seat?" Another One Bites the Dust Queen
64%
"She's got a smile, it seems to me. Reminds me of childhood memories" Sweet Child 'O Mine Guns N' Roses
64%
"We're no strangers to love. You know the rules, and so do I" Never Gonna Give You Up Rick Astley
60%
"It's the terror of knowing what the world is about, watching some good friends screaming 'Let me out!' " Under Pressure Queen
53%
"You put the boom boom into my heart. (hoo, hoo) You send my soul sky high when your lovin' starts" Wake Me Up Before You Go-Go Wham!
49%
"I'm a man without conviction. I'm a man who doesn't know how to sell a contradiction. You come and go, you come and go" Karma Chameleon Culture Club
48%
"All around me are familiar faces, worn out places, worn out faces" Mad World Tears For Fears
46%
"And you give yourself away, and you give yourself away. And you give, and you give, and you give yourself away" With or Without You U2
42%
"I made it through the wilderness, somehow I made it through. Didn't know how lost I was until I found you" Like a Virgin Madonna
37%
"These are the things I can do without. Come on, I'm talking to you, come on" Shout Tears For Fears
36%
"Lying in my bed, I hear the clock tick, and think of you. Caught up in circles, confusion is nothing new" Time After Time Cyndi Lauper
33%
"The fire's in their eyes and their words are really clear" Beat It Michael Jackson
32%
"And when she knows what she wants from her time, and when she wakes up, and makes up her mind" Uptown Girl Billy Joel
27%
No matching quizzes found
Score Distribution
Percent of People with Each Score
Percentile by Number Answered
Your Score History
You have not taken this quiz